000 00228nam a22001097a 4500
082 _a621.3815 LIN'R
100 _aRCA
_973709
245 _aLINEAR INTEGRATD CIRCUITS
260 _aUSA
_bRCA
_c1974
300 _a448P
942 _cBK
999 _c579941
_d579941